000 00584nam a2200145 a 4500
001 000043870
005 20201002045021.0
008 140507s2008 sp ac 000 0 spa d
020 _a9788483470770
040 _aDO-SdBNP
_bspa
_cBNPHU
245 0 0 _aDiccionario histórico, goegráfico y cultural de Filipinas y el Pacífico /
_ccoordinación y dirección Leonardo Cabrero Fernández...[et.al].
260 _aMadrid :
_bAgencia Española de Cooperación Internacional para el Desarrollo,
_c2008.
300 _a3v. :
_bil., retrs. ;
_c24 cm.
700 1 2 _aCabrero Fernández, Leonardo
_971749
999 _c43359
_d43359